00285nam a2200121Ia 4500008004100000041000900041082001900050100001500069245003000084260003300114300000800147650000800155230718s9999 xx 000 0 und d aEng. a3450.28bZAF-M aZafar M. A 0aManual of Anti Cassuption aPakistanbCriminal Lawc2010 a727 aLaw